[Event "Jan Macieja Memorial"]
[Site "Warsaw POL"]
[Date "2023.07.10"]
[Round "3.44"]
[White "Zalega, Maciej"]
[Black "Adamchyk, Miraslau"]
[Result "1-0"]
[WhiteElo "1992"]
[BlackElo "1612"]
[EventDate "2023.07.10"]
[PlyCount "67"]

1.e4 c5 2.Nf3 d6 3.d4 cxd4 4.Nxd4 Nf6 5.Nc3 Nc6 6.Be3 g6 7.f3 Bg7 8.Qd2 O-O 
9.g4 h5 10.gxh5 Nxh5 11.O-O-O Bd7 12.Nxc6 bxc6 13.Bh6 Rb8 14.Bxg7 Kxg7 15.Be2 
Qb6 16.b3 a5 17.f4 Rh8 18.f5 Qb4 19.fxg6 fxg6 20.e5 Nf4 21.exd6 Nxe2+ 22.Qxe2 
Qf4+ 23.Kb1 exd6 24.Rhf1 Qg5 25.Ne4 Qe7 26.Rxd6 Bf5 27.Rxf5 gxf5 28.Qg2+ Kf8 
29.Qg6 Qg7 30.Qxf5+ Kg8 31.Nf6+ Kf7 32.Nh5+ Ke7 33.Rd7+ Ke8 34.Nxg7# 1-0

[Event "Jan Macieja Memorial"]
[Site "Warsaw POL"]
[Date "2023.07.10"]
[Round "3.45"]
[White "Krzyzewski, Radoslaw"]
[Black "Adamczyk, Zuzanna"]
[Result "1-0"]
[WhiteElo "1612"]
[BlackElo "1983"]
[EventDate "2023.07.10"]
[PlyCount "63"]

1.e4 c5 2.Nf3 g6 3.d4 cxd4 4.Nxd4 Bg7 5.Nc3 Nc6 6.Nxc6 bxc6 7.Bc4 Qc7 8.Qf3 Nf6 
9.Bf4 d6 10.h3 O-O 11.O-O Nd7 12.Bb3 a5 13.a4 Ba6 14.Rfe1 Ne5 15.Qe3 Nc4 
16.Bxc4 Bxc4 17.Bh6 Bxh6 18.Qxh6 Qb6 19.b3 Ba6 20.Re3 Qd4 21.Rd1 Qg7 22.Qh4 
Rfe8 23.f4 Rad8 24.f5 Bb7 25.fxg6 hxg6 26.e5 d5 27.Ne2 c5 28.Nf4 d4 29.Rg3 Qxe5 
30.Nxg6 fxg6 31.Rxg6+ Kf8 32.Rf1+ 1-0

[Event "Jan Macieja Memorial"]
[Site "Warsaw POL"]
[Date "2023.07.10"]
[Round "3.47"]
[White "Nowakowski, Maksymilian"]
[Black "Taranowicz, Michal"]
[Result "0-1"]
[WhiteElo "1603"]
[BlackElo "1975"]
[EventDate "2023.07.10"]
[PlyCount "77"]

1.e4 c5 2.Nf3 Nc6 3.c3 Nf6 4.e5 Nd5 5.d4 cxd4 6.cxd4 d6 7.Bc4 e6 8.O-O Be7 
9.Re1 O-O 10.Bd2 Bd7 11.Nc3 Nxc3 12.Bxc3 d5 13.Bb3 Rc8 14.Bc2 Nb4 15.Bb1 Qb6 
16.a3 Nc6 17.Qd3 g6 18.Bd2 Na5 19.Ng5 Nb3 20.Qh3 h5 21.Bf4 Qxd4 22.Be3 Qxb2 
23.Ra2 Qc3 24.Rf1 d4 25.Rc2 Qa5 26.Rxc8 Rxc8 27.Qf3 Be8 28.Bf4 Nc5 29.g4 hxg4 
30.Qxg4 Nd7 31.Qh4 Nf8 32.Kh1 Qxa3 33.Rg1 Bxg5 34.Bxg5 Qf3+ 35.Rg2 Nh7 36.Bd2 
Qe2 37.Qf4 d3 38.Ba2 Rc2 39.Qb4 0-1

[Event "Jan Macieja Memorial"]
[Site "Warsaw POL"]
[Date "2023.07.10"]
[Round "3.48"]
[White "Adamski, Jan"]
[Black "Lhundrup, M Dorji"]
[Result "1-0"]
[WhiteElo "1966"]
[BlackElo "1601"]
[EventDate "2023.07.10"]
[PlyCount "57"]

1.Nf3 Nf6 2.c4 c5 3.d4 cxd4 4.Nxd4 Nc6 5.g3 g6 6.Bg2 Bg7 7.O-O O-O 8.Nc3 a6 
9.c5 Qc7 10.Nb3 Rd8 11.Bf4 e5 12.Bg5 h6 13.Bxf6 Bxf6 14.Nd5 Qb8 15.Nxf6+ Kg7 
16.Nd5 d6 17.Nb6 Ra7 18.Bxc6 bxc6 19.Nxc8 Qxc8 20.cxd6 Rad7 21.Qc2 Rxd6 22.Rfd1 
Qe6 23.Rxd6 Qxd6 24.Rc1 Rc8 25.Rd1 Qe6 26.Qc3 Kh7 27.Nc5 Qxa2 28.Qxe5 Qxb2 
29.Qxb2 1-0

[Event "Jan Macieja Memorial"]
[Site "Warsaw POL"]
[Date "2023.07.10"]
[Round "3.49"]
[White "Spicak, Krzysztof"]
[Black "Korbal, Arkadiusz"]
[Result "0-1"]
[WhiteElo "1571"]
[BlackElo "1956"]
[EventDate "2023.07.10"]
[PlyCount "89"]

1.e4 c5 2.f4 Nc6 3.Nf3 e6 4.d4 cxd4 5.Nxd4 Nf6 6.Nxc6 bxc6 7.Bd3 d5 8.e5 Nd7 
9.O-O Be7 10.c4 g6 11.Nc3 Bb7 12.cxd5 cxd5 13.Be2 O-O 14.Kh1 f6 15.exf6 Nxf6 
16.Bf3 Rc8 17.Qe2 Rc6 18.Re1 Ba6 19.Qd1 Bb4 20.Bd2 Rd6 21.a3 Bc5 22.Na4 Bf2 
23.Bb4 Bxe1 24.Bxd6 Qxd6 25.Qxe1 Bd3 26.Nc3 d4 27.Ne2 Bf5 28.Qd2 Rd8 29.Ng3 d3 
30.Re1 Qd4 31.Nxf5 exf5 32.g3 Ne4 33.Bxe4 fxe4 34.Re3 Qxe3 35.Qxe3 d2 36.Qxe4 
d1=Q+ 37.Kg2 Qd5 38.Kf3 Qxe4+ 39.Kxe4 Rd2 40.b4 Ra2 41.Kd5 Rxa3 42.b5 Rc3 43.g4 
Kf7 44.h4 h5 45.g5 0-1

[Event "Jan Macieja Memorial"]
[Site "Warsaw POL"]
[Date "2023.07.10"]
[Round "3.51"]
[White "Kryston, Aleksander"]
[Black "Marcinczyk, Monika"]
[Result "1/2-1/2"]
[WhiteElo "1560"]
[BlackElo "1945"]
[EventDate "2023.07.10"]
[PlyCount "130"]

1.d4 g6 2.c4 Bg7 3.Nc3 c5 4.Nf3 cxd4 5.Nxd4 Nc6 6.e3 Nf6 7.Nxc6 bxc6 8.Be2 O-O 
9.O-O d5 10.cxd5 cxd5 11.Bf3 Be6 12.Ne2 Bg4 13.Nd4 Bxf3 14.Nxf3 Ne4 15.Rb1 Rb8 
16.Nd4 Qd6 17.Bd2 e5 18.Nb3 Rfd8 19.Re1 Rbc8 20.Ba5 Rd7 21.a3 Qa6 22.Bb4 Qb5 
23.Qe2 Qa4 24.f3 Qxb3 25.fxe4 dxe4 26.Qg4 Rcd8 27.Qxe4 f5 28.Qf3 e4 29.Qg3 Rd2 
30.Bc3 R2d3 31.Bxg7 Kxg7 32.Qe5+ Kf7 33.Rbc1 R8d7 34.Rc8 Qe6 35.Qxe6+ Kxe6 
36.Rc2 Rd2 37.Re2 Rxe2 38.Rxe2 Rd3 39.Kf2 Kd5 40.Rc2 Kd6 41.g3 Rb3 42.h4 Kd5 
43.Ke2 h6 44.Kf2 g5 45.hxg5 hxg5 46.Ke2 Rd3 47.Kf2 f4 48.gxf4 gxf4 49.exf4 Rf3+ 
50.Ke2 Rxf4 51.Rc7 a6 52.Ra7 Rf6 53.Rd7+ Kc4 54.Rb7 Kd4 55.Rb4+ Ke5 56.Rb7 Kf4 
57.Rg7 e3 58.Rc7 Re6 59.Rf7+ Ke4 60.Rc7 Kd4 61.Rd7+ Ke4 62.Rb7 Rd6 63.Re7+ Kd4 
64.Rxe3 Rb6 65.b4 Kd5 1/2-1/2

[Event "Jan Macieja Memorial"]
[Site "Warsaw POL"]
[Date "2023.07.10"]
[Round "3.52"]
[White "Boryna, Szymon"]
[Black "Kitewski, Bartosz"]
[Result "1-0"]
[WhiteElo "1553"]
[BlackElo "1944"]
[EventDate "2023.07.10"]
[PlyCount "64"]

1.b3 d5 2.Bb2 Nf6 3.e3 c5 4.Nf3 Nc6 5.Bb5 e6 6.O-O Bd6 7.d4 O-O 8.dxc5 Bxc5 
9.Nbd2 a6 10.Bxc6 bxc6 11.Ne5 Qc7 12.Ndf3 Bd6 13.Qe2 a5 14.c4 a4 15.Rac1 Nd7 
16.Nxd7 Bxd7 17.e4 Rfe8 18.Qc2 Bf4 19.Rcd1 axb3 20.axb3 Ra2 21.Qc3 f6 22.exd5 
exd5 23.cxd5 cxd5 24.Qxc7 Bxc7 25.Ba1 Bb5 26.Rfe1 Rxe1+ 27.Rxe1 Bb6 28.Bd4 Ba5 
29.Rc1 Bb4 30.h3 Be2 31.Rc8+ Kf7 32.Rc7+ Kg6 1-0

[Event "Jan Macieja Memorial"]
[Site "Warsaw POL"]
[Date "2023.07.10"]
[Round "3.53"]
[White "Nesterenko, Kyrylo"]
[Black "Zeissel, Andrzej"]
[Result "1-0"]
[WhiteElo "1941"]
[BlackElo "1600"]
[EventDate "2023.07.10"]
[PlyCount "30"]

1.Nf3 f5 2.c4 Nf6 3.g3 g6 4.Bg2 Bg7 5.O-O O-O 6.d4 d6 7.Qc2 c6 8.b3 Na6 9.Rd1 
Qc7 10.Bb2 e5 11.dxe5 dxe5 12.e4 Nxe4 13.Ng5 Nb4 14.Qe2 Nd3 15.Nxe4 Nc1 1-0

[Event "Jan Macieja Memorial"]
[Site "Warsaw POL"]
[Date "2023.07.10"]
[Round "3.54"]
[White "Ponikowski, Przemyslaw"]
[Black "Prus, Marek"]
[Result "0-1"]
[WhiteElo "1918"]
[BlackElo "1584"]
[EventDate "2023.07.10"]
[PlyCount "46"]

1.g3 g6 2.c4 Bg7 3.Bg2 Nf6 4.d4 O-O 5.Nc3 d6 6.e4 e5 7.d5 c5 8.Nge2 Nbd7 9.O-O 
Ne8 10.f4 f5 11.Be3 Nef6 12.Qc2 Ng4 13.Bd2 Ndf6 14.h3 Nh6 15.fxe5 dxe5 16.Be3 
b6 17.a3 fxe4 18.Nxe4 Nxe4 19.Bxe4 Bxh3 20.Rxf8+ Qxf8 21.Qd2 Ng4 22.d6 Bh6 
23.Bxh6 Qf2+ 0-1

[Event "Jan Macieja Memorial"]
[Site "Warsaw POL"]
[Date "2023.07.10"]
[Round "3.55"]
[White "Malicki, Jan"]
[Black "Piotrowski, Daniel"]
[Result "1-0"]
[WhiteElo "1551"]
[BlackElo "1906"]
[EventDate "2023.07.10"]
[PlyCount "66"]

1.c4 c5 2.g3 Nc6 3.Bg2 g6 4.Nc3 Bg7 5.Nf3 Nf6 6.d4 cxd4 7.Nxd4 O-O 8.O-O Nxd4 
9.Qxd4 d6 10.Qd3 Qa5 11.Bd2 Qh5 12.h3 Bxh3 13.Qf3 Qxf3 14.exf3 Bxg2 15.Kxg2 
Rfc8 16.b3 a6 17.Rfe1 Kf8 18.Na4 Nd7 19.Bc3 b5 20.Bxg7+ Kxg7 21.Nb2 Kf8 22.g4 
Ne5 23.cxb5 axb5 24.a4 Rc2 25.Nd1 bxa4 26.Ne3 Rc5 27.bxa4 Rca5 28.f4 Nd3 29.Rh1 
Nxf4+ 30.Kf3 Ne6 31.Rxh7 Ng5+ 32.Kf4 Nxh7 33.Nc4 Rxa4 1-0

[Event "Jan Macieja Memorial"]
[Site "Warsaw POL"]
[Date "2023.07.10"]
[Round "3.56"]
[White "Kaminski, Maciej"]
[Black "Szarfemberg, Pawel"]
[Result "1-0"]
[WhiteElo "1905"]
[BlackElo "1571"]
[EventDate "2023.07.10"]
[PlyCount "55"]

1.e4 c5 2.Nf3 Nc6 3.d4 cxd4 4.Nxd4 Nf6 5.Nc3 e5 6.Ndb5 d6 7.Bg5 a6 8.Na3 b5 
9.Bxf6 gxf6 10.Nd5 Be7 11.c3 f5 12.Nxe7 Qxe7 13.Qd5 Bb7 14.Bxb5 axb5 15.Nxb5 
Rd8 16.Qd2 fxe4 17.Rd1 d5 18.c4 dxc4 19.Nd6+ Kf8 20.Qh6+ Kg8 21.O-O Nd4 22.Rxd4 
exd4 23.Nf5 Qe5 24.Qg5+ Kf8 25.Qxd8+ Qe8 26.Qd6+ Kg8 27.Qg3+ Kf8 28.Qg7# 1-0

[Event "Jan Macieja Memorial"]
[Site "Warsaw POL"]
[Date "2023.07.10"]
[Round "3.57"]
[White "Rzap, Filip"]
[Black "Pesko, Tomasz"]
[Result "0-1"]
[WhiteElo "1546"]
[BlackElo "1904"]
[EventDate "2023.07.10"]
[PlyCount "90"]

1.e4 c5 2.Nf3 d6 3.d4 cxd4 4.Nxd4 Nf6 5.Nc3 g6 6.Be3 Bg7 7.f3 O-O 8.Bc4 Nc6 
9.Qd2 Bd7 10.h4 Qa5 11.Bb3 Rfc8 12.h5 Nxh5 13.g4 Nf6 14.Nxc6 Rxc6 15.O-O-O Rac8 
16.Bh6 Rxc3 17.bxc3 Qa3+ 18.Kb1 Nxe4 19.Bxf7+ Kxf7 20.Qf4+ Nf6 21.Bxg7 Be6 
22.Qb4 Qxa2+ 23.Kc1 Kxg7 24.g5 Nh5 25.Qd4+ Kg8 26.Kd2 Qd5 27.Qxd5 Bxd5 28.Ke3 
Be6 29.Ra1 a6 30.Ra5 Bf5 31.Rh2 Rxc3+ 32.Kd4 Rxf3 33.Ra2 Rf4+ 34.Kc3 Rf3+ 
35.Kb4 Rf4+ 36.Ka3 Be6 37.Rb2 b5 38.Rb4 Rc4 39.Rxc4 Bxc4 40.Kb4 Nf4 41.Ka5 e5 
42.Kxa6 d5 43.Ka5 e4 44.Rh1 e3 45.Re1 e2 0-1

[Event "Jan Macieja Memorial"]
[Site "Warsaw POL"]
[Date "2023.07.10"]
[Round "3.58"]
[White "Gronkowski, Dariusz"]
[Black "Lasota, Adam"]
[Result "0-1"]
[WhiteElo "1539"]
[BlackElo "1903"]
[EventDate "2023.07.10"]
[PlyCount "74"]

1.d4 d5 2.Bf4 c5 3.e3 Nc6 4.c3 Bf5 5.Nd2 e6 6.Ngf3 Nf6 7.Qb3 Qb6 8.dxc5 Bxc5 
9.Nd4 Bg6 10.N2f3 O-O 11.Be2 Nh5 12.Bg5 Qxb3 13.axb3 h6 14.Bh4 Rfe8 15.Nxc6 
bxc6 16.Ne5 Bc2 17.Bxh5 Bxb3 18.Nxc6 g6 19.Bd1 Bxd1 20.Kxd1 g5 21.Bg3 Rec8 
22.Ne5 a5 23.Kd2 h5 24.f3 h4 25.Bf2 Rcb8 26.Ra2 Bd6 27.Nc6 Rb5 28.Nd4 Rb6 29.g3 
hxg3 30.Bxg3 e5 31.Nf5 Bc7 32.Ne7+ Kg7 33.Nxd5 Rd8 34.e4 Rb5 35.Kc2 Bb8 36.Bf2 
f5 37.Rg1 Kh6 0-1

[Event "Jan Macieja Memorial"]
[Site "Warsaw POL"]
[Date "2023.07.10"]
[Round "3.60"]
[White "Siekanska, Maria"]
[Black "Nasuta, Andrzej"]
[Result "1-0"]
[WhiteElo "1902"]
[BlackElo "1558"]
[EventDate "2023.07.10"]
[PlyCount "47"]

1.d4 d5 2.c4 e6 3.Nf3 Nf6 4.g3 c5 5.cxd5 Nxd5 6.Bg2 Nc6 7.O-O Be7 8.dxc5 Bxc5 
9.a3 O-O 10.b4 Be7 11.Bb2 Bf6 12.Qc2 Bxb2 13.Qxb2 Qf6 14.Qxf6 Nxf6 15.Nc3 a6 
16.Rfd1 Rd8 17.Na4 Bd7 18.Nb6 Rab8 19.Nd4 Nxd4 20.Rxd4 Bb5 21.Rad1 Rxd4 22.Rxd4 
Bxe2 23.a4 Kf8 24.f3 1-0

[Event "Jan Macieja Memorial"]
[Site "Warsaw POL"]
[Date "2023.07.10"]
[Round "3.62"]
[White "Smietanska, Wiktoria"]
[Black "Orzechowski, Michal"]
[Result "1-0"]
[WhiteElo "1886"]
[BlackElo "1526"]
[EventDate "2023.07.10"]
[PlyCount "51"]

1.c4 e5 2.Nc3 Nc6 3.Nf3 Nf6 4.e4 Bc5 5.Nxe5 Nxe5 6.d4 Bb4 7.dxe5 Nxe4 8.Qf3 Ng5 
9.Qg3 h6 10.Bd2 O-O 11.O-O-O Re8 12.h4 Bxc3 13.Qxc3 Ne4 14.Qd4 Nxd2 15.Rxd2 b6 
16.f4 Bb7 17.Qxd7 Qxd7 18.Rxd7 Rac8 19.Rh3 f6 20.Rg3 g5 21.hxg5 fxg5 22.fxg5 
Rxe5 23.gxh6+ Kh8 24.Bd3 Re1+ 25.Kd2 Re6 26.Rh7# 1-0

[Event "Jan Macieja Memorial"]
[Site "Warsaw POL"]
[Date "2023.07.10"]
[Round "4.1"]
[White "Baum, Jonasz"]
[Black "Piorun, Kacper"]
[Result "0-1"]
[WhiteElo "2277"]
[BlackElo "2583"]
[EventDate "2023.07.10"]
[PlyCount "88"]

1.d4 g6 2.e4 Bg7 3.Nc3 d6 4.Be3 a6 5.f3 b5 6.Qd2 Bb7 7.Nge2 Nd7 8.g3 Ngf6 9.Bg2 
O-O 10.Bh6 e5 11.Bxg7 Kxg7 12.d5 Qe7 13.Nd1 c6 14.dxc6 Bxc6 15.Ne3 Nb6 16.Nc3 
b4 17.Ncd5 Bxd5 18.exd5 a5 19.O-O Na4 20.Rfb1 Nc5 21.Kh1 Nfd7 22.b3 f5 23.Nc4 
h5 24.a3 h4 25.axb4 axb4 26.Qxb4 hxg3 27.hxg3 Qg5 28.Qe1 f4 29.g4 Nf6 30.Rxa8 
Rxa8 31.Ra1 Rxa1 32.Qxa1 e4 33.Nxd6 exf3 34.Ne8+ Kf7 35.Nd6+ Ke7 36.Nc8+ Kf8 
37.Bxf3 Qh4+ 38.Kg1 Qg3+ 39.Bg2 Nce4 40.Qa3+ Kg7 41.Qe7+ Kh6 42.Nd6 Qe1+ 43.Kh2 
Nxg4+ 44.Kh3 Qg3# 0-1

[Event "Jan Macieja Memorial"]
[Site "Warsaw POL"]
[Date "2023.07.10"]
[Round "4.2"]
[White "Tomczak, Jacek"]
[Black "Bartel, Michal"]
[Result "1-0"]
[WhiteElo "2562"]
[BlackElo "2282"]
[EventDate "2023.07.10"]
[PlyCount "43"]

1.e4 e5 2.Nf3 Nc6 3.d4 exd4 4.Nxd4 g6 5.Bc4 Bg7 6.Ne2 Nf6 7.Nbc3 O-O 8.O-O Re8 
9.Bg5 h6 10.Bh4 g5 11.Bg3 d6 12.f4 gxf4 13.Nxf4 Ne5 14.Bb3 Qd7 15.Qd2 Qg4 
16.Nfd5 Nxd5 17.Nxd5 Qxe4 18.Rae1 Qg4 19.Nxc7 Be6 20.Bxe6 fxe6 21.Nxa8 Rxa8 
22.Qxd6 1-0

[Event "Jan Macieja Memorial"]
[Site "Warsaw POL"]
[Date "2023.07.10"]
[Round "4.3"]
[White "Zochowski, Kacper"]
[Black "Kazakouski, Valery"]
[Result "0-1"]
[WhiteElo "2262"]
[BlackElo "2546"]
[EventDate "2023.07.10"]
[PlyCount "104"]

1.Nf3 d5 2.c4 d4 3.b4 Bg4 4.Qb3 a5 5.h3 Bxf3 6.Qxf3 c6 7.b5 e5 8.g4 Nf6 9.Bg2 
Bc5 10.d3 Bb4+ 11.Bd2 Nfd7 12.O-O O-O 13.a3 Be7 14.Qg3 Bh4 15.Qh2 Qe7 16.Ra2 
Nc5 17.f4 e4 18.Bxe4 Nxe4 19.dxe4 Qxe4 20.Qg2 Qe6 21.Rc2 Be7 22.f5 Qd7 23.a4 
Bc5 24.Kh1 f6 25.Qf3 Qf7 26.Bf4 Nd7 27.Nd2 Nb6 28.Ne4 Bb4 29.Nd6 Bxd6 30.Bxd6 
Rfc8 31.c5 Nxa4 32.bxc6 bxc6 33.Qe4 Qb3 34.Rf3 Nc3 35.Qd3 a4 36.Rd2 a3 37.g5 
Qb1+ 38.Qxb1 Nxb1 39.Ra2 Nc3 40.Ra1 fxg5 41.Be5 Nxe2 42.f6 gxf6 43.Bxf6 Rf8 
44.Rf2 Ng3+ 45.Kg2 Ne4 46.Rfa2 Rxf6 47.Rxa3 Rxa3 48.Rxa3 Rf2+ 49.Kg1 Rf4 50.Ra7 
d3 51.Rd7 d2 52.Kg2 Rf5 0-1

[Event "Jan Macieja Memorial"]
[Site "Warsaw POL"]
[Date "2023.07.10"]
[Round "4.4"]
[White "Bartel, Mateusz"]
[Black "Kiolbasa, Oliwia"]
[Result "0-1"]
[WhiteElo "2529"]
[BlackElo "2269"]
[EventDate "2023.07.10"]
[PlyCount "96"]

1.Nf3 d5 2.b3 Nf6 3.Bb2 e6 4.g3 c5 5.Bg2 Nc6 6.O-O Be7 7.e3 O-O 8.c4 d4 9.exd4 
cxd4 10.Re1 Bc5 11.d3 Re8 12.Ne5 Nxe5 13.Rxe5 Qd6 14.Re2 Rb8 15.Nd2 Bd7 16.a3 
a5 17.Nf3 Bc6 18.Ne5 Bxg2 19.Kxg2 Nd7 20.Nf3 b5 21.Bc1 e5 22.Qe1 h6 23.Kg1 bxc4 
24.bxc4 Rb3 25.Qd1 a4 26.Nh4 Qf6 27.Re4 Bd6 28.Qh5 Nc5 29.Rg4 Nxd3 30.Nf5 g6 
31.Bxh6 Reb8 32.Rf1 Rb1 33.Rxb1 Rxb1+ 34.Kg2 Bf8 35.Bxf8 Kxf8 36.Qh6+ Ke8 
37.Rg5 e4 38.h4 Ne1+ 39.Kh3 Nf3 40.Ng7+ Ke7 41.Rd5 Rh1+ 42.Kg4 Ne5+ 43.Rxe5+ 
Qxe5 44.Qh8 f5+ 45.Kg5 Qf6+ 46.Kf4 g5+ 47.hxg5 Qd6+ 48.Kxf5 Rxh8 0-1

[Event "Jan Macieja Memorial"]
[Site "Warsaw POL"]
[Date "2023.07.10"]
[Round "4.5"]
[White "Malek, Jan"]
[Black "Socko, Bartosz"]
[Result "0-1"]
[WhiteElo "2255"]
[BlackElo "2520"]
[EventDate "2023.07.10"]
[PlyCount "62"]

1.e4 e6 2.d4 d5 3.Nc3 Bb4 4.exd5 exd5 5.Bd3 Nc6 6.Ne2 Be6 7.Bf4 Nge7 8.O-O Qd7 
9.Nb5 Ba5 10.c3 a6 11.Na3 Bf5 12.Nc2 O-O 13.Ne3 Bxd3 14.Qxd3 Nd8 15.a4 c6 
16.Rfe1 Ne6 17.Bg3 Bc7 18.Nf5 Nxf5 19.Qxf5 Rae8 20.Nf4 Bxf4 21.Bxf4 Re7 22.Be5 
Rfe8 23.Re3 f6 24.Bg3 Nc5 25.Qxd7 Nxd7 26.Rxe7 Rxe7 27.Kf1 Kf7 28.b3 h5 29.h4 
g6 30.Bf4 Re4 31.g3 Re8 0-1

[Event "Jan Macieja Memorial"]
[Site "Warsaw POL"]
[Date "2023.07.10"]
[Round "4.6"]
[White "Gagare, Shardul"]
[Black "Czerwonski, Aleksander"]
[Result "1-0"]
[WhiteElo "2482"]
[BlackElo "2242"]
[EventDate "2023.07.10"]
[PlyCount "71"]

1.c4 e5 2.g3 d6 3.Bg2 g6 4.Nc3 Bg7 5.Nf3 c5 6.O-O Ne7 7.Ne1 Nbc6 8.Nc2 O-O 9.d3 
f5 10.Ne3 f4 11.Ned5 Nf5 12.e3 g5 13.a3 a5 14.Rb1 Kh8 15.Bd2 Be6 16.b4 axb4 
17.axb4 cxb4 18.Nxb4 g4 19.Nxc6 bxc6 20.Bxc6 f3 21.Bxa8 Qxa8 22.Qa4 Qd8 23.Ne4 
Qe7 24.Qc6 Qf7 25.h4 gxh3 26.Ng5 h2+ 27.Kh1 Qg6 28.Nxe6 Qxe6 29.Qxf3 Ne7 30.Qe4 
d5 31.cxd5 Nxd5 32.Rb7 Nf6 33.Qg2 e4 34.Bb4 Rg8 35.dxe4 Nxe4 36.Re7 1-0

[Event "Jan Macieja Memorial"]
[Site "Warsaw POL"]
[Date "2023.07.10"]
[Round "4.7"]
[White "Chylewski, Patryk"]
[Black "Heberla, Bartlomiej"]
[Result "1/2-1/2"]
[WhiteElo "2226"]
[BlackElo "2450"]
[EventDate "2023.07.10"]
[PlyCount "86"]

1.d4 Nf6 2.c4 e6 3.Nf3 d5 4.Nc3 Be7 5.Bg5 h6 6.Bxf6 Bxf6 7.e3 c6 8.Qc2 Nd7 
9.O-O-O dxc4 10.Bxc4 b5 11.Bd3 Bb7 12.Ne4 Be7 13.Nc5 Bxc5 14.dxc5 Qe7 15.Bxb5 
cxb5 16.c6 Rc8 17.cxd7+ Qxd7 18.Rxd7 Kxd7 19.Ne5+ Ke7 20.f3 Rxc2+ 21.Kxc2 Rc8+ 
22.Kd2 Rd8+ 23.Kc2 Rc8+ 24.Kd2 f6 25.Nd3 e5 26.Rc1 Rxc1 27.Nxc1 Bd5 28.a3 Kd6 
29.Kc3 a5 30.Ne2 Bc4 31.Ng3 g6 32.Ne4+ Ke7 33.g3 f5 34.Nd2 Bd5 35.f4 Kd6 36.b4 
a4 37.Kd3 g5 38.Kc3 Ke6 39.Kd3 Kf6 40.Kc3 Ke6 41.Kd3 Kf6 42.Kc3 Ke6 43.Kd3 Kf6 1/2-1/2

[Event "Jan Macieja Memorial"]
[Site "Warsaw POL"]
[Date "2023.07.10"]
[Round "4.8"]
[White "Mickiewicz, Piotr"]
[Black "Nasuta, Grzegorz"]
[Result "0-1"]
[WhiteElo "2224"]
[BlackElo "2449"]
[EventDate "2023.07.10"]
[PlyCount "96"]

1.e4 c5 2.Nf3 d6 3.d4 cxd4 4.Nxd4 Nf6 5.Nc3 a6 6.Be3 e6 7.a4 b6 8.f4 Bb7 9.Bd3 
Nbd7 10.Qf3 Rc8 11.O-O Be7 12.Rae1 O-O 13.Qh3 g6 14.f5 e5 15.fxg6 exd4 16.gxh7+ 
Kh8 17.Bxd4 Ne5 18.Nd5 Nfd7 19.Qh5 Bxd5 20.exd5 Bf6 21.Re3 Nf3+ 22.Rexf3 Bxd4+ 
23.Kh1 Ne5 24.Rg3 Ng6 25.c3 Bg7 26.Bxa6 Rc7 27.Bd3 Re7 28.Bb5 Re5 29.Qd1 Rg5 
30.Rh3 Be5 31.Rhf3 Qe7 32.g3 Bg7 33.Re1 Re5 34.Ref1 Rg5 35.Bc6 Ne5 36.Re3 Qc7 
37.Re2 Nxc6 38.dxc6 Qxc6+ 39.Rg2 Be5 40.Rf3 f5 41.Qd2 Qxf3 42.Qxg5 Bg7 43.h4 f4 
44.gxf4 Qf1+ 45.Kh2 Qxf4+ 46.Qxf4 Rxf4 47.Rg6 Rxa4 48.Rxd6 Be5+ 0-1

[Event "Jan Macieja Memorial"]
[Site "Warsaw POL"]
[Date "2023.07.10"]
[Round "4.9"]
[White "Chomczyk, Marek"]
[Black "Kanarek, Marcel"]
[Result "0-1"]
[WhiteElo "2217"]
[BlackElo "2388"]
[EventDate "2023.07.10"]
[PlyCount "88"]

1.c4 Nf6 2.g3 g6 3.Bg2 Bg7 4.Nc3 O-O 5.d4 c6 6.e4 d6 7.h3 e5 8.Nf3 Nbd7 9.O-O 
exd4 10.Nxd4 Qb6 11.Nc2 Qc7 12.Bf4 Ne5 13.b3 Nh5 14.Bd2 Re8 15.Qe2 f5 16.exf5 
Bxf5 17.Ne1 Qd7 18.h4 Bg4 19.Qe4 Nf3+ 20.Qxf3 Bxf3 21.Nxf3 Nf6 22.Rad1 Ng4 
23.Na4 Qf7 24.Bf4 b5 25.cxb5 cxb5 26.Ng5 Qf5 27.Bd5+ Kf8 28.Bxd6+ Re7 29.Nxh7+ 
Ke8 30.Bc6+ Rd7 31.Rfe1+ Kd8 32.Be7+ Kc7 33.Rxd7+ Kxc6 34.Rd6+ Kb7 35.Nc5+ Kc8 
36.Re2 Kc7 37.Na6+ Kb7 38.Nc5+ Kc7 39.Na6+ Kb7 40.Bg5 Rc8 41.Re7+ Ka8 42.Re2 
Qf3 43.Rde6 Bd4 44.Be3 Bxe3 0-1

[Event "Jan Macieja Memorial"]
[Site "Warsaw POL"]
[Date "2023.07.10"]
[Round "4.10"]
[White "Jakubowska, Anna"]
[Black "Mis, Mieszko"]
[Result "0-1"]
[WhiteElo "2001"]
[BlackElo "2369"]
[EventDate "2023.07.10"]
[PlyCount "48"]

1.e4 d5 2.exd5 Qxd5 3.Nc3 Qa5 4.Bc4 Nf6 5.d3 Bf5 6.Bd2 c6 7.Qe2 e6 8.h3 Nbd7 
9.Nf3 Qb6 10.Bb3 Be7 11.g4 Bg6 12.Nh4 Nd5 13.Nxg6 hxg6 14.Nxd5 cxd5 15.Bc3 Bf6 
16.Bxf6 Nxf6 17.g5 Nh5 18.Qe3 Ke7 19.Rg1 Rac8 20.Rg4 Qc5 21.Qxc5+ Rxc5 22.O-O-O 
Rc7 23.Re1 Kd6 24.c3 e5 0-1

[Event "Jan Macieja Memorial"]
[Site "Warsaw POL"]
[Date "2023.07.10"]
[Round "4.11"]
[White "Sengupta, Deep"]
[Black "Kopczynski, Michal"]
[Result "0-1"]
[WhiteElo "2361"]
[BlackElo "2210"]
[EventDate "2023.07.10"]
[PlyCount "120"]

1.Nf3 g6 2.e4 c5 3.d4 Bg7 4.dxc5 Nc6 5.Nc3 Qa5 6.Bd3 Qxc5 7.O-O d6 8.Nd5 Qa5 
9.Bd2 Qd8 10.Qe1 Nf6 11.Bc3 e6 12.Bb5 O-O 13.Nxf6+ Bxf6 14.Rd1 e5 15.Qd2 Be7 
16.Qh6 Qb6 17.a4 Bg4 18.Rd3 Rac8 19.Ng5 Bxg5 20.Qxg5 Be6 21.Rxd6 Qc5 22.Rd2 Bc4 
23.Rfd1 Bxb5 24.axb5 Qxb5 25.Rd5 Qe2 26.Qf6 Qxc2 27.Re1 Rce8 28.Rd6 Nd4 29.Rxd4 
Re6 30.Qxe6 fxe6 31.Rd7 Rf7 32.Rd8+ Kg7 33.Bxe5+ Kh6 34.f3 Qc5+ 35.Bd4 Qb4 
36.Be3+ g5 37.Red1 Qxb2 38.h4 Kg6 39.hxg5 Qe2 40.Bf2 Rf8 41.R8d6 Re8 42.Re1 Qa2 
43.Rd7 a5 44.Rc1 b5 45.Rcc7 Qa1+ 46.Kh2 h6 47.Rg7+ Qxg7 48.Rxg7+ Kxg7 49.gxh6+ 
Kxh6 50.g4 b4 51.f4 b3 52.Bd4 Rc8 53.f5 exf5 54.gxf5 b2 55.Bxb2 Rc2+ 56.Kg3 
Rxb2 57.e5 Kg5 58.f6 Kg6 59.Kf4 Rb4+ 60.Ke3 Kf7 0-1

[Event "Jan Macieja Memorial"]
[Site "Warsaw POL"]
[Date "2023.07.10"]
[Round "4.12"]
[White "Pacan-milej, Kosma"]
[Black "Sanz, Losada Victoriano"]
[Result "1-0"]
[WhiteElo "2302"]
[BlackElo "2010"]
[EventDate "2023.07.10"]
[PlyCount "43"]

1.d4 Nf6 2.c4 g6 3.Nc3 Bg7 4.e4 d6 5.h3 O-O 6.Be3 e5 7.d5 c6 8.g4 a6 9.Qd2 b5 
10.f3 b4 11.Nd1 cxd5 12.cxd5 a5 13.Nf2 Ba6 14.Ne2 Nbd7 15.Ng3 Bxf1 16.Kxf1 Nb6 
17.b3 Rc8 18.Kg2 Nfd7 19.h4 Nc5 20.h5 a4 21.Rab1 axb3 22.axb3 1-0

[Event "Jan Macieja Memorial"]
[Site "Warsaw POL"]
[Date "2023.07.10"]
[Round "4.13"]
[White "Szewczyk, Mariusz"]
[Black "Sieciechowicz, Marcin"]
[Result "1-0"]
[WhiteElo "1994"]
[BlackElo "2294"]
[EventDate "2023.07.10"]
[PlyCount "93"]

1.e4 e6 2.d4 d5 3.exd5 exd5 4.Nf3 Bd6 5.Bd3 Nc6 6.c3 Nge7 7.O-O Bf5 8.Bxf5 Nxf5 
9.Re1+ Nce7 10.Bg5 f6 11.Nh4 Nxh4 12.Bxh4 O-O 13.Bg3 Bxg3 14.hxg3 Qd6 15.Qb3 b6 
16.Qa3 Nf5 17.Qxd6 Nxd6 18.Nd2 Kf7 19.Re2 Rfe8 20.Rae1 Rxe2 21.Rxe2 a5 22.f3 a4 
23.Kf2 Ra5 24.Nf1 a3 25.b3 Nb5 26.Rc2 c5 27.Ke3 Ra7 28.Kd3 h5 29.Ne3 Rd7 30.Rc1 
g6 31.Rh1 Ke6 32.Re1 Kd6 33.g4 h4 34.Rh1 g5 35.Nf5+ Kc7 36.Re1 Nd6 37.Re6 c4+ 
38.bxc4 dxc4+ 39.Kd2 Nxf5 40.gxf5 Rd5 41.Rxf6 Rb5 42.Rf7+ Kd6 43.Ra7 Rb2+ 
44.Ke3 Rxa2 45.f6 Ra1 46.f7 Re1+ 47.Kf2 1-0

[Event "Jan Macieja Memorial"]
[Site "Warsaw POL"]
[Date "2023.07.10"]
[Round "4.14"]
[White "Cherniaiev, Tykhon"]
[Black "Fistek, Dariusz"]
[Result "1-0"]
[WhiteElo "2450"]
[BlackElo "2159"]
[EventDate "2023.07.10"]
[PlyCount "97"]

1.Nf3 Nf6 2.d4 g6 3.c4 Bg7 4.g3 O-O 5.Bg2 d6 6.O-O Nc6 7.Nc3 a6 8.b3 Rb8 9.Bb2 
b5 10.cxb5 axb5 11.d5 Na5 12.Nd4 Bd7 13.Rc1 b4 14.Nb1 e6 15.Qc2 Ne8 16.dxe6 
fxe6 17.Rfd1 c5 18.Nf3 Qe7 19.Bxg7 Nxg7 20.Nbd2 Bb5 21.Ne4 Rfd8 22.Qd2 Nb7 
23.Qf4 Rf8 24.Qd2 Rbd8 25.e3 Bc6 26.Ne1 d5 27.Nxc5 Nxc5 28.Qxb4 Qf7 29.Qxc5 
Qxf2+ 30.Kh1 Ba8 31.Nd3 Qxa2 32.Nf4 Qxb3 33.Qd4 Qb8 34.Rb1 Qd6 35.Rb6 Qe7 
36.Qe5 Rf5 37.Qb2 Rff8 38.Bh3 Rd6 39.Rb8 d4+ 40.Kg1 dxe3 41.Rxf8+ Qxf8 42.Re1 
e5 43.Qxe5 Rd8 44.Qxe3 Qd6 45.Ne6 Nxe6 46.Bxe6+ Kg7 47.Rf1 Qd4 48.Rf7+ Kh8 
49.Qxd4+ 1-0

[Event "Jan Macieja Memorial"]
[Site "Warsaw POL"]
[Date "2023.07.10"]
[Round "4.15"]
[White "Kowalski, Igor"]
[Black "Ochedzan, Tymon"]
[Result "1-0"]
[WhiteElo "2367"]
[BlackElo "2149"]
[EventDate "2023.07.10"]
[PlyCount "56"]

1.d4 Nf6 2.Nf3 g6 3.Nc3 d5 4.Bf4 Bg7 5.e3 O-O 6.Be2 c5 7.O-O Nc6 8.dxc5 Qa5 
9.Nd4 Qxc5 10.Nb3 Qb6 11.Nxd5 Nxd5 12.Qxd5 Bxb2 13.Rab1 Bg7 14.Nd4 Qd8 15.Nxc6 
bxc6 16.Qxc6 Bf5 17.Bf3 Rc8 18.Qa6 Bxc2 19.Rbc1 Bd3 20.Qxc8 Qxc8 21.Rxc8 Rxc8 
22.Rd1 Bf5 23.Bb7 Re8 24.e4 Be6 25.a3 Bc4 26.Bc7 h5 27.f3 Bb5 28.Kf2 e6 1-0